Instrument engineers' handbook. (Record no. 3055)
[ view plain ]
| 000 -LEADER | |
|---|---|
| fixed length control field | 01563cam a2200325Ii 4500 |
| 008 - FIXED-LENGTH DATA ELEMENTS--GENERAL INFORMATION | |
| fixed length control field | 180706s2006 flua ob 001 0 eng d |
| 020 ## - INTERNATIONAL STANDARD BOOK NUMBER | |
| International Standard Book Number | 9781420064001 |
| Qualifying information | (e-book : PDF) |
| 020 ## - INTERNATIONAL STANDARD BOOK NUMBER | |
| International Standard Book Number | 9781315219028 |
| Qualifying information | (e-book) |
| 020 ## - INTERNATIONAL STANDARD BOOK NUMBER | |
| International Standard Book Number | 9781351826228 |
| Qualifying information | (e-book: Mobi) |
| 020 ## - INTERNATIONAL STANDARD BOOK NUMBER | |
| Qualifying information | (hardback) |
| 040 ## - CATALOGING SOURCE | |
| Original cataloging agency | IMU Kochi Library |
| Language of cataloging | eng |
| 041 0# - LANGUAGE CODE | |
| Language code of text/sound track or separate title | eng |
| 082 04 - DEWEY DECIMAL CLASSIFICATION NUMBER | |
| Classification number | 629.8 |
| Item number | I599 |
| 245 00 - TITLE STATEMENT | |
| Title | Instrument engineers' handbook. |
| Number of part/section of a work | Vol. 2, |
| Name of part/section of a work | Process control and optimization / |
| 246 3# - VARYING FORM OF TITLE | |
| Title proper/short title | Process control and optimization |
| 250 ## - EDITION STATEMENT | |
| Edition statement | Fourth edition. |
| 300 ## - PHYSICAL DESCRIPTION | |
| Extent | 1 online resource (lxx, 2,387 pages) |
| 500 ## - GENERAL NOTE | |
| General note | Rev. ed. of: Instrument engineers' handbook. Process measurement and analysis. c1995 and Instrument engineers' handbook. Process control. c1995. |
| 505 0# - FORMATTED CONTENTS NOTE | |
| Formatted contents note | chapter 1 General -- chapter 2 Control Theory -- chapter 3 Transmitters and Local Controllers -- chapter 4 Control Room Equipment -- chapter 5 PLCs and Other Logic Devices -- chapter 6 Control Valve Selection and Sizing -- chapter 7 Regulators and Final Control Elements -- chapter 8 Control and Optimization of Unit Operations. |
| 650 #0 - SUBJECT ADDED ENTRY--TOPICAL TERM | |
| Topical term or geographic name as entry element | Measuring instruments |
| Form subdivision | Handbooks, manuals, etc. |
| 650 #0 - SUBJECT ADDED ENTRY--TOPICAL TERM | |
| Topical term or geographic name as entry element | Process control |
| Form subdivision | Handbooks, manuals, etc. |
| 700 1# - ADDED ENTRY--PERSONAL NAME | |
| Personal name | Liptak, Bela G. |
| 856 40 - ELECTRONIC LOCATION AND ACCESS | |
| Uniform Resource Identifier | <a href="https://www.taylorfrancis.com/books/9781420064001">https://www.taylorfrancis.com/books/9781420064001</a> |
| Public note | Click here to view. |
| 904 ## - LOCAL DATA ELEMENT D, LDD (RLIN) | |
| CATALOGER | Rudra Ranjan |
| 905 ## - LOCAL DATA ELEMENT E, LDE (RLIN) | |
| VERIFIER | Rudra Ranjan |
| 942 ## - ADDED ENTRY ELEMENTS (KOHA) | |
| Item type | E-Book |
| 264 #1 - | |
| -- | Boca Raton, Fla. : |
| -- | CRC/Taylor & Francis, |
| -- | 2006. |
No items available.